Odgers' principles of pleading and practice in civil actions in the High Court of Justice / (Record no. 110382)

MARC details
000 -LEADER
campo de control de longitud fija 00569nam a2200169 4500
001 - NÚMERO DE CONTROL
campo de control 110382
003 - IDENTIFICADOR DE NÚMERO DE CONTROL
campo de control ES-MaACL
005 - FECHA Y HORA DE LA ÚLTIMA TRANSACCIÓN
campo de control 20230906185036.0
007 - CAMPO FIJO DE DESCRIPCIÓN FÍSICA--INFORMACIÓN GENERAL
campo de control de longitud fija t|
008 - DATOS DE LONGITUD FIJA--INFORMACIÓN GENERAL
campo de control de longitud fija 061121s1946 xxk r ||||1| d
100 1# - ENTRADA PRINCIPAL--NOMBRE DE PERSONA
Nombre de persona Odgers, W. Blake.
9 (RLIN) 86526
245 10 - MENCIÓN DEL TÍTULO
Título Odgers' principles of pleading and practice in civil actions in the High Court of Justice /
Mención de responsabilidad, etc. W. Blake Odgers, Lewis Frederick Sturge.
260 ## - PUBLICACIÓN, DISTRIBUCIÓN, ETC.
Lugar de publicación, distribución, etc. London :
Nombre del editor, distribuidor, etc. Stevens & Sons,
Fecha de publicación, distribución, etc. 1946.
300 ## - DESCRIPCIÓN FÍSICA
Extensión LXII, 446 p. ;
Dimensiones 22 cm.
700 1# - ENTRADA AGREGADA--NOMBRE PERSONAL
Nombre de persona Sturge, Lewis Frederick.
9 (RLIN) 108509
852 ## - LOCALIZACIÓN
Ubicación ES-MaACL
Número de control de estantería C-4395
Sublocalización o colección R.24141
Holdings
Estatus retirado Estado de pérdida Estado de daño No para préstamo Biblioteca de origen Biblioteca actual Ubicación en estantería Fecha de adquisición Fuente de adquisición Total de préstamos Signatura topográfica completa Código de barras Visto por última vez Precio de reemplazo Tipo de ítem Koha
        Biblioteca del Ateneo de Madrid Biblioteca del Ateneo de Madrid Sala Palomar 17/01/2008     C-4395 1115163 23/02/2023 23/02/2023 Libro impreso